Số đỏ Tiểu thuyết

সংরক্ষণ করুন:
গ্রন্থ-পঞ্জীর বিবরন
প্রধান লেখক: Vũ Trọng Phụng 20/10/1912 - 13/10/1939
বিন্যাস: গ্রন্থ
ভাষা:Undetermined
প্রকাশিত: Tp. HCM Văn nghệ 1993
বিষয়গুলি:
ট্যাগগুলো: ট্যাগ যুক্ত করুন
কোনো ট্যাগ নেই, প্রথমজন হিসাবে ট্যাগ করুন!
Thư viện lưu trữ: Trung tâm Học liệu Trường Đại học Cần Thơ
LEADER 00596nam a2200193Ia 4500
001 CTU_9356
008 210402s9999 xx 000 0 und d
082 |a 895.922331 
082 |b Ph513s 
100 |a Vũ Trọng Phụng 20/10/1912 - 13/10/1939 
245 0 |a Số đỏ 
245 0 |b Tiểu thuyết 
245 0 |c Vũ Trọng Phụng 20/10/1912 - 13/10/1939 
260 |a Tp. HCM 
260 |b Văn nghệ 
260 |c 1993 
650 |a vietnamese fiction - 1930 - 1945 
904 |i Nguyễn Quang Điền, 960927 
980 |a Trung tâm Học liệu Trường Đại học Cần Thơ